Los problemas teóricos de la traducción
Enregistré dans:
| Auteur principal: | |
|---|---|
| Format: | Livre |
| Langue: | espagnol |
| Publié: |
Madrid
Gredos
1971
|
| Collection: | Biblioteca Románica Hispánica II. Estudios y Ensayos
|
| Sujets: | |
| Tags: |
Ajouter un tag
Pas de tags, Soyez le premier à ajouter un tag!
|
MARC
| LEADER | 00000nam a2200000 a 4500 | ||
|---|---|---|---|
| 001 | UCI0291 | ||
| 003 | CL-VaPUC | ||
| 008 | 070504e19710000SP |||||||||||||||||spa|d | ||
| 082 | 0 | 4 | |a 418.2 |b MOU |2 21 |
| 100 | |a Mounin, Georges |e autor |9 322268 | ||
| 245 | 1 | 4 | |a Los problemas teóricos de la traducción |
| 300 | |a 337 p | ||
| 942 | |c BK | ||
| 945 | |d 20070504 00:00:00 |a jtorresc | ||
| 260 | |a Madrid |b Gredos |c 1971 | ||
| 650 | 0 | |a Traducción e interpretación |9 315998 | |
| 650 | 0 | |a Traductores |9 357262 | |
| 650 | 0 | |a Lenguaje y lenguas |9 265846 | |
| 583 | |a last modification |c 20130304 04:56:03 |k Rodrigo Vera | ||
| 490 | 0 | |a Biblioteca Románica Hispánica II. Estudios y Ensayos | |
| 999 | |c 325528 |d 325526 | ||
| 952 | |0 0 |1 0 |4 0 |6 418_200000000000000_MOU_1971 |7 0 |8 A |9 406512 |a FDOPOS |b FDOPOS |d 2019-11-22 |i 4274873 |o 418.2 MOU 1971 |p 4274873 |r 2025-01-22 |w 2019-11-22 |y BK |k MLA | ||